000 00724nam a2200265Ia 4500
003 OSt
005 20220927110410.0
006 a|||||r|||| 00| 0
007 ta
008 220926b |||||||| |||| 00| 0 eng d
024 _a3458
037 _cReports
040 _aRTL
_cRTL
_beng
041 _2eng
_aeng
082 _a"X9(M8):9F.2.N9, N8/GD"
110 _a"INDIA, LABOUR(Bureau of-)."
_9377687
245 0 _aReport
260 _aDelhi
_bM O P
_c1998
300 _a146p
_ccm.
650 _a Dress Making
_9377688
650 _aIndustrial Economics
700 _a"INDIA, LABOUR(Bureau of-)."
_9377689
942 _h"X9(M8):9F.2.N9, N8/GD"
_cCC
999 _c696382
_d696382